[Event "World Blitz 2025"]
[Site "Doha QAT"]
[Date "2025.12.30"]
[Round "19.30"]
[White "Rapport, Richard"]
[Black "Anton Guijarro, David"]
[Result "1/2-1/2"]
[WhiteTitle "GM"]
[BlackTitle "GM"]
[WhiteElo "2741"]
[BlackElo "2646"]
[WhiteFideId "738590"]
[BlackFideId "2285525"]
[EventDate "2025.12.29"]

1. e4 c6 2. Nf3 d5 3. Nc3 Bg4 4. Be2 e6 5. O-O Nf6 6. e5 Nfd7 7. d4 c5 8. Bg5
Qb6 9. dxc5 Nxc5 10. Nd4 Bxe2 11. Qxe2 Nc6 12. Nb3 Nxb3 13. axb3 h6 14. Bf4 Be7
15. Ra4 O-O 16. Rd1 Rfd8 17. Rd3 d4 18. Ne4 Rd5 19. Rg3 Nxe5 20. c4 d3 21. Qd1
Ng6 22. Be3 Rd4 23. c5 Rxa4 24. cxb6 Rxe4 25. bxa7 Ne5 26. h3 Bh4 27. Rf3 Nxf3+
28. Qxf3 Rb4 29. Bc5 Rxb3 30. Qf4 Bd8 31. Be3 d2 32. Qd4 Bb6 33. Qxd2 Bxe3 34.
Qc2 Rb6 35. Qc7 Rxa7 36. Qb8+ Kh7 37. Qxa7 Bd4 38. b3 e5 39. Qa4 Rf6 40. Qb5 b6
41. Kh1 Rxf2 42. Qd5 Rf1+ 43. Kh2 g6 44. b4 Kg7 45. b5 Rf6 46. Qe4 h5 47. g3 Re6
48. Kg2 Bc5 49. g4 hxg4 50. hxg4 Bd4 51. g5 Re8 52. Qc6 Re6 53. Qd5 Bc5 54. Qe4
Be7 55. Qe3 e4 56. Kh3 Bc5 57. Qc3+ Kg8 58. Qc4 e3 59. Qe2 Re4 60. Kg3 Be7 61.
Kf3 Re5 62. Qb2 Re6 63. Ke2 Bxg5 64. Qd4 Be7 65. Qd5 Bc5 66. Qd8+ Kg7 67. Qd5
Rf6 68. Qe5 Bd6 69. Qd4 Ba3 70. Qc3 Bc5 71. Qe5 g5 72. Qxg5+ Rg6 73. Qe5+ Kg8
74. Qe8+ Kg7 75. Qe5+ f6 76. Qc7+ Kh6 77. Qh2+ Kg5 78. Kf3 Kf5 79. Qh7 Kg5 80.
Qh2 f5 81. Qh8 Re6 82. Qg7+ Rg6 83. Qh8 f4 84. Qe5+ Kh6 85. Qh8+ Kg5 86. Qe5+
Kh6 87. Qxf4+ Kg7 88. Qc7+ Kf6 89. Kf4 Rg7 90. Qc6+ Kf7 91. Kf5 Kg8 92. Qe8+ Kh7
93. Qh5+ Kg8 94. Kf6 Be7+ 95. Ke6 Bf8 96. Kf6 Be7+ 97. Ke6 Bg5 98. Qe8+ Kh7 99.
Kf5 Be7 100. Qh5+ Kg8 101. Qe8+ Kh7 102. Kf4 Bc5 103. Qh5+ Kg8 104. Qe8+ Kh7
105. Kf3 Rg6 106. Qf7+ Kh6 107. Qf4+ Kg7 108. Qc7+ Kf8 109. Qd8+ Kf7 110. Qd7+
Kf8 111. Qd8+ Kf7 112. Qd5+ Re6 113. Ke2 Ke7 114. Qg5+ Rf6 115. Qg7+ Ke6 116.
Qg8+ Ke5 117. Qg7 Ke6 118. Qg8+ Kd6 119. Qd8+ Ke5 120. Qh8 Ke6 121. Qh3+ Ke5
122. Qh8 Ke6 1/2-1/2

[Event "World Blitz 2025"]
[Site "Doha QAT"]
[Date "2025.12.30"]
[Round "19.31"]
[White "Hong, Andrew"]
[Black "Amar, Elham"]
[Result "0-1"]
[WhiteTitle "GM"]
[BlackTitle "GM"]
[WhiteElo "2568"]
[BlackElo "2592"]
[WhiteFideId "2099438"]
[BlackFideId "1533533"]
[EventDate "2025.12.29"]

1. d4 Nf6 2. Nc3 d5 3. Bf4 c5 4. e3 cxd4 5. exd4 Bg4 6. f3 Bd7 7. Qe2 e6 8. g4
h6 9. h4 Be7 10. O-O-O Nc6 11. Nb5 Rc8 12. Nd6+ Bxd6 13. Bxd6 Qb6 14. Bc5 Qa5
15. a3 b6 16. Bd6 Qa4 17. Qf2 Na5 18. Kb1 Nc4 19. Bxc4 Qxc4 20. Nh3 Ng8 21. Nf4
Ne7 22. Nh5 Rg8 23. Rd2 Nc6 24. Qe3 Na5 25. Nxg7+ Rxg7 26. Qxh6 Ba4 27. Qxg7
Bxc2+ 28. Rxc2 Qxc2+ 29. Ka1 Nb3+ 30. Ka2 Qc4 31. Bb4 Nc1+ 0-1

[Event "World Blitz 2025"]
[Site "Doha QAT"]
[Date "2025.12.30"]
[Round "19.32"]
[White "Tsaruk, Maksim"]
[Black "Ponomariov, Ruslan"]
[Result "0-1"]
[WhiteTitle "GM"]
[BlackTitle "GM"]
[WhiteElo "2515"]
[BlackElo "2639"]
[WhiteFideId "13511173"]
[BlackFideId "14103320"]
[EventDate "2025.12.29"]

1. e4 e5 2. Bc4 Nf6 3. Nc3 Nc6 4. d3 Na5 5. Qf3 Nxc4 6. dxc4 d6 7. Nge2 Be6 8.
b3 Nd7 9. a4 g6 10. Ng3 h5 11. h3 Bg7 12. Be3 a6 13. Rd1 O-O 14. Nf5 Bf6 15. g4
h4 16. Rg1 Bg5 17. Bxg5 Qxg5 18. Qe3 f6 19. Ne7+ Kf7 20. Ned5 Rac8 21. Qxg5 fxg5
22. Ke2 c6 23. Ne3 Ke7 24. f3 a5 25. Rd2 Nc5 26. Ncd1 Bd7 27. Nf2 Ne6 28. c3
Nf4+ 29. Kf1 b5 30. cxb5 cxb5 31. axb5 Rxc3 32. Nfd1 Bxb5+ 33. Ke1 Rxb3 34. Nd5+
Nxd5 35. Rxd5 Rfxf3 36. Rg2 Rf1+ 37. Kd2 Bc6 38. Rxa5 Bxe4 39. Ra7+ Rb7 40.
Rxb7+ Bxb7 41. Re2 Rxd1+ 0-1

[Event "World Blitz 2025"]
[Site "Doha QAT"]
[Date "2025.12.30"]
[Round "19.33"]
[White "Sanal, Vahap"]
[Black "Bortnyk, Olexandr"]
[Result "0-1"]
[WhiteTitle "GM"]
[BlackTitle "GM"]
[WhiteElo "2546"]
[BlackElo "2601"]
[WhiteFideId "6300545"]
[BlackFideId "14120828"]
[EventDate "2025.12.29"]

1. e4 Nf6 2. e5 Nd5 3. d4 d6 4. c4 Nb6 5. exd6 exd6 6. Nc3 Be7 7. Be2 O-O 8. h3
Nc6 9. Nf3 Bf5 10. O-O Bf6 11. b3 Re8 12. Be3 h6 13. Re1 d5 14. c5 Nc8 15. a3
N8e7 16. b4 a6 17. Qb3 Be4 18. Rad1 Nf5 19. Nxe4 dxe4 20. Ne5 Bxe5 21. dxe5 Qh4
22. Bg4 Nxe3 23. Rxe3 Rxe5 24. Rd7 Re7 25. Qd5 Rxd7 26. Bxd7 Rd8 27. Rxe4 Qf6
28. g3 Ne7 29. Qd3 g5 30. Kg2 c6 31. Qd6 Nd5 32. Re8+ Rxe8 33. Bxe8 Kg7 34. Bd7
Qb2 35. Bc8 Ne3+ 36. Kf3 Nc4 37. Qe7 Qxa3+ 38. Kg2 Qxb4 39. Bxb7 Qb5 40. Bc8 a5
41. Be6 Ne5 42. Bf5 Qe2 43. Qd6 Qf3+ 0-1

[Event "World Blitz 2025"]
[Site "Doha QAT"]
[Date "2025.12.30"]
[Round "19.34"]
[White "Robson, Ray"]
[Black "Puranik, Abhimanyu"]
[Result "1-0"]
[WhiteTitle "GM"]
[BlackTitle "GM"]
[WhiteElo "2650"]
[BlackElo "2622"]
[WhiteFideId "2023970"]
[BlackFideId "5061245"]
[EventDate "2025.12.29"]

1. d4 Nf6 2. c4 g6 3. Nc3 d5 4. cxd5 Nxd5 5. e4 Nxc3 6. bxc3 Bg7 7. Bc4 c5 8.
Ne2 Nc6 9. Be3 O-O 10. O-O b6 11. Qd2 e6 12. Rfd1 Bb7 13. Rac1 cxd4 14. cxd4 Rc8
15. Bb5 Qd6 16. Bf4 e5 17. d5 Nd4 18. Nxd4 exf4 19. Nc6 a6 20. Ba4 f3 21. gxf3
b5 22. Bb3 Bxc6 23. Rxc6 Rxc6 24. dxc6 Qxc6 25. Qd6 Qc3 26. Kg2 a5 27. Rd3 Qc1
28. Qe7 a4 29. Bd5 Qf4 30. h3 Be5 31. Kf1 b4 32. Re3 b3 33. axb3 Rc8 34. bxa4
Rc1+ 35. Ke2 Rc2+ 36. Kd3 Rxf2 37. a5 Rf1 38. a6 Rc1 39. Kd2 Ra1 40. a7 Bd4 41.
Bxf7+ Qxf7 42. Qd8+ Qf8 43. Qd5+ Qf7 44. a8=Q+ Rxa8 45. Qxa8+ Kg7 46. Rd3 Qf4+
47. Kd1 Bf6 48. Rd7+ Kh6 49. Qf8+ Kg5 50. Qc5+ Kh6 51. Qf8+ Kg5 52. Rd3 Qh2 53.
Rd5+ Be5 54. Qe7+ 1-0

[Event "World Blitz 2025"]
[Site "Doha QAT"]
[Date "2025.12.30"]
[Round "19.35"]
[White "Ivanchuk, Vasyl"]
[Black "Makhnev, Denis"]
[Result "1/2-1/2"]
[WhiteTitle "GM"]
[BlackTitle "GM"]
[WhiteElo "2607"]
[BlackElo "2532"]
[WhiteFideId "14100010"]
[BlackFideId "13707647"]
[EventDate "2025.12.29"]

1. e4 e5 2. Nf3 Nc6 3. Bb5 a6 4. Ba4 Nf6 5. O-O d6 6. c3 Bd7 7. d4 g6 8. Be3 Bg7
9. Nbd2 O-O 10. h3 Re8 11. Bc2 a5 12. Re1 a4 13. Rc1 b5 14. Bd3 Na5 15. b4 axb3
16. axb3 Rb8 17. Ra1 Nc6 18. d5 Ne7 19. c4 c6 20. Ra6 h6 21. Re2 Nh5 22. dxc6
Nxc6 23. cxb5 Nb4 24. Rxd6 Qc7 25. Rxd7 Qxd7 26. Bc4 Red8 27. Qb1 Nd3 28. Nf1
Ndf4 29. Rd2 Qb7 30. Rxd8+ Rxd8 31. N1h2 Ne6 32. Ng4 Nhf4 33. Ngxe5 g5 34. Nc6
Ra8 35. e5 Qd7 1/2-1/2

[Event "World Blitz 2025"]
[Site "Doha QAT"]
[Date "2025.12.30"]
[Round "19.36"]
[White "Warmerdam, Max"]
[Black "Makarian, Rudik"]
[Result "1/2-1/2"]
[WhiteTitle "GM"]
[BlackTitle "GM"]
[WhiteElo "2573"]
[BlackElo "2524"]
[WhiteFideId "1048104"]
[BlackFideId "44105681"]
[EventDate "2025.12.29"]

1. Nf3 Nf6 2. c4 e6 3. g3 d5 4. Bg2 Nc6 5. d4 dxc4 6. Qa4 Bb4+ 7. Bd2 Bxd2+ 8.
Nbxd2 O-O 9. Qxc4 Qd6 10. Qc3 Nd5 11. Qc1 Nb6 12. Ne4 Qb4+ 13. Qc3 Qxc3+ 14.
Nxc3 Rd8 15. O-O-O Bd7 16. e3 Be8 17. Rhe1 h6 18. Nd2 Nb4 19. Kb1 Bc6 20. Bxc6
Nxc6 21. Nde4 a6 22. Nc5 Rab8 23. Rc1 e5 24. d5 Ne7 25. e4 c6 26. dxc6 Nxc6 27.
Nd5 Nxd5 28. exd5 Rxd5 29. Nxa6 bxa6 30. Rxc6 a5 31. h4 Kh7 32. a3 Rb3 33. Rc3
Rb6 34. Rec1 Rf6 35. R1c2 Kg6 36. b4 axb4 37. axb4 Rb5 38. Rb2 Rfb6 39. Rc4 Kf5
40. Kc2 Rb8 41. Kc3 g5 42. hxg5 hxg5 43. g4+ Ke6 44. Ra2 R5b6 45. Ra5 Rh8 46. b5
Rh3+ 47. Kb4 Rh1 48. Kc5 Rb8 49. Ra6+ Ke7 50. Ra7+ Ke6 51. Ra6+ Kd7 52. Rd6+ Ke7
53. b6 Rf1 54. Rc2 Rb1 55. Rc6 Rb3 56. Rc4 Rb2 57. f3 Rb3 58. Rb4 Rc3+ 59. Rc4
Rxf3 60. Rc7+ Ke6 61. Rc6+ Ke7 62. Rc7+ Ke6 63. Rc6+ 1/2-1/2

[Event "World Blitz 2025"]
[Site "Doha QAT"]
[Date "2025.12.30"]
[Round "19.37"]
[White "Bai, Jinshi"]
[Black "Sargsyan, Shant"]
[Result "1-0"]
[WhiteTitle "GM"]
[BlackTitle "GM"]
[WhiteElo "2599"]
[BlackElo "2665"]
[WhiteFideId "8602280"]
[BlackFideId "13306766"]
[EventDate "2025.12.29"]

1. d4 Nf6 2. Nf3 g6 3. g3 Bg7 4. Bg2 d6 5. O-O O-O 6. b3 a5 7. c4 Ne4 8. Bb2 a4
9. Qc2 f5 10. e3 Qe8 11. Nfd2 Nxd2 12. Nxd2 e5 13. dxe5 dxe5 14. Rad1 Nc6 15.
Bc3 axb3 16. axb3 Be6 17. Qb2 Rf7 18. Nf3 e4 19. Ng5 Bxc3 20. Qxc3 Rd7 21. h4
Rad8 22. Rxd7 Qxd7 23. h5 Qe7 24. h6 Rd7 25. f4 exf3 26. Nxf3 Qb4 27. Qf6 Qe7
28. Qc3 Qb4 29. Qxb4 Nxb4 30. Ng5 Re7 31. Rd1 Bd7 32. Bxb7 c6 33. Bc8 Be8 34.
Rd8 Kf8 35. Be6 Na6 36. Rd6 Nc5 37. b4 Nxe6 38. Nxe6+ Kf7 39. Ng5+ Kg8 40. Kf2
Rb7 41. Rd8 Kf8 42. c5 Ke7 43. Ra8 Rxb4 44. Nxh7 Rb2+ 45. Kf3 Rh2 46. Ra7+ Ke6
47. Nf8+ Kf6 48. h7 Bf7 49. e4 fxe4+ 50. Kxe4 Bd5+ 51. Kd4 Kg5 52. Ke5 Bc4 53.
Rc7 Bd5 54. Ne6+ Kg4 55. Kf6 g5 56. Nxg5 Rh6+ 57. Kg7 Kxg5 58. h8=Q Rxh8 59.
Kxh8 Kg4 60. Rd7 Bf3 61. Kg7 Kxg3 62. Kf6 Kf4 63. Rd4+ Ke3 64. Ke5 Bg2 65. Rg4
Bh1 66. Rh4 Bg2 67. Kd6 Kd3 68. Rg4 Bh1 69. Rg1 Be4 70. Rg3+ Kd2 71. Ra3 Bh1 72.
Ra6 Kc3 73. Rxc6 Kb4 74. Rb6+ Ka5 75. Rb2 1-0

[Event "World Blitz 2025"]
[Site "Doha QAT"]
[Date "2025.12.30"]
[Round "19.38"]
[White "Grandelius, Nils"]
[Black "Gurel, Ediz"]
[Result "0-1"]
[WhiteTitle "GM"]
[BlackTitle "GM"]
[WhiteElo "2664"]
[BlackElo "2645"]
[WhiteFideId "1710400"]
[BlackFideId "44507356"]
[EventDate "2025.12.29"]

1. d4 Nf6 2. c4 e6 3. Nc3 Bb4 4. Qc2 O-O 5. a3 Bxc3+ 6. Qxc3 b6 7. f3 d5 8. cxd5
exd5 9. e3 Re8 10. Bd3 c5 11. Ne2 Ba6 12. O-O Bxd3 13. Qxd3 Nc6 14. Bd2 Rc8 15.
Ng3 c4 16. Qc2 b5 17. b3 a5 18. bxc4 dxc4 19. Rab1 Qd5 20. Nf5 g6 21. e4 Nxd4
22. Qb2 Ne2+ 23. Kh1 Qe5 24. Qxe5 Rxe5 25. Nd6 Rd8 26. f4 Rh5 27. e5 Ng3+ 28.
Kg1 Nxf1 29. Kxf1 Ne8 30. Bxa5 Rxd6 31. exd6 Nxd6 32. Bc7 Ne4 33. Rd1 c3 34.
Rd8+ Kg7 35. Rc8 f6 36. Ba5 Rxh2 37. Bxc3 h5 38. Rc7+ Kh6 39. Bb4 g5 40. fxg5+ 0-1

[Event "World Blitz 2025"]
[Site "Doha QAT"]
[Date "2025.12.30"]
[Round "19.39"]
[White "Kosakowski, Jakub"]
[Black "Pantsulaia, Levan"]
[Result "0-1"]
[WhiteTitle "GM"]
[BlackTitle "GM"]
[WhiteElo "2549"]
[BlackElo "2472"]
[WhiteFideId "1185080"]
[BlackFideId "13602071"]
[EventDate "2025.12.29"]

1. e4 c5 2. Nf3 e6 3. d4 cxd4 4. Nxd4 a6 5. a3 Qc7 6. c4 Nf6 7. Nc3 Nxe4 8. Nxe4
Qe5 9. Be2 Qxe4 10. O-O Nc6 11. Be3 Be7 12. Bd3 Qe5 13. Bc2 O-O 14. Re1 Qc7 15.
c5 Bf6 16. Rc1 g6 17. b4 Rd8 18. Be4 d5 19. Bb1 e5 20. Ne2 Be6 21. h3 Bg7 22.
Bg5 f6 23. Bd2 f5 24. Bg5 Rd7 25. Nc3 Re8 26. Na4 d4 27. Nb6 Rf7 28. Qd2 e4 29.
Bf4 Be5 30. Bxe5 Qxe5 31. Ba2 Bxa2 32. Qxa2 Qe6 33. Qb2 d3 34. Nc4 Qf6 35. Qd2
Rd8 36. Nd6 Rxd6 37. cxd6 Qxd6 38. Rc5 Nd4 39. Qa2 Kg7 40. Rd5 Qf6 41. Qa1 Nc2
42. Qxf6+ Kxf6 43. Rc1 Nxa3 44. f3 Nc2 45. fxe4 fxe4 46. Rd8 Ke5 47. Re8+ Kd4
48. Rd8+ Ke3 49. Rd1 Ke2 50. Rc1 e3 51. Rd5 Nxb4 52. Rd4 d2 53. Rb1 Nd3 0-1

[Event "World Blitz 2025"]
[Site "Doha QAT"]
[Date "2025.12.30"]
[Round "19.40"]
[White "Suyarov, Mukhammadzokhid"]
[Black "Hovhannisyan, Robert"]
[Result "0-1"]
[WhiteTitle "IM"]
[BlackTitle "GM"]
[WhiteElo "2454"]
[BlackElo "2621"]
[WhiteFideId "14210495"]
[BlackFideId "13302507"]
[EventDate "2025.12.29"]

1. d4 d5 2. Nc3 Nf6 3. Bf4 c5 4. e4 Nxe4 5. Nxe4 dxe4 6. dxc5 Qa5+ 7. c3 Qxc5 8.
Qa4+ Nc6 9. Qxe4 g6 10. Nf3 Bg7 11. Qe3 Qxe3+ 12. Bxe3 Bg4 13. O-O-O Rd8 14. Bb5
Bxf3 15. gxf3 a6 16. Bxc6+ bxc6 17. Bb6 Rd6 18. Bc5 Rd5 19. Rxd5 cxd5 20. Rd1 e6
21. c4 Kd7 22. cxd5 exd5 23. b4 Kc6 24. Re1 a5 25. Kc2 axb4 26. Bxb4 Bd4 27. Re2
Bc5 28. Bxc5 Kxc5 29. Re7 f5 30. a4 Kd4 31. Kd2 h5 32. Re6 Ra8 33. Rxg6 Rxa4 34.
Rg5 Ra2+ 35. Ke1 Kd3 36. Kf1 d4 37. Rxh5 Ra1+ 38. Kg2 Kc4 39. Rh8 d3 40. Rc8+
Kb3 41. Rd8 Kc3 42. Rc8+ Kb2 43. Rb8+ Kc2 44. Rc8+ Kd1 45. h4 d2 46. h5 Ke2 47.
Re8+ Kd3 48. Rd8+ Kc2 49. Rc8+ Kb3 50. Rb8+ Kc4 51. Rc8+ Kb5 52. Rd8 d1=Q 53.
Rxd1 Rxd1 54. Kg3 Rh1 55. Kf4 Rxh5 56. Ke5 Kc4 57. Kf6 Kd5 58. Kg6 Rh3 0-1

[Event "World Blitz 2025"]
[Site "Doha QAT"]
[Date "2025.12.30"]
[Round "19.41"]
[White "Zemlyanskii, Ivan"]
[Black "Mendonca, Leon Luke"]
[Result "1-0"]
[WhiteTitle "GM"]
[BlackTitle "GM"]
[WhiteElo "2592"]
[BlackElo "2615"]
[WhiteFideId "24249971"]
[BlackFideId "35028561"]
[EventDate "2025.12.29"]

1. e4 c5 2. Nf3 d6 3. d4 cxd4 4. Nxd4 a6 5. c4 e6 6. Nc3 Nf6 7. Be3 b6 8. Rc1
Bb7 9. f3 Nbd7 10. Qd2 Be7 11. Be2 O-O 12. g4 Rc8 13. g5 Ne8 14. f4 Nc5 15. Bf3
e5 16. fxe5 dxe5 17. Nf5 Nd3+ 18. Ke2 Nxc1+ 19. Rxc1 Bc5 20. Rd1 Nc7 21. Nd5
Bxd5 22. exd5 g6 23. Nh6+ Kg7 24. Ng4 Qd6 25. Nf6 Bxe3 26. Qxe3 Ne8 27. Ne4 Qb4
28. d6 Qxc4+ 29. Kf2 Rd8 30. Qxb6 Rd7 31. Qa5 f5 32. Qxe5+ Kg8 33. Nc5 Qh4+ 34.
Kf1 Rxd6 35. Rxd6 Nxd6 36. Qxd6 Qxg5 37. Qxf8+ 1-0

[Event "World Blitz 2025"]
[Site "Doha QAT"]
[Date "2025.12.30"]
[Round "19.42"]
[White "Dau Khuong Duy"]
[Black "Muradli, Mahammad"]
[Result "1-0"]
[WhiteTitle "IM"]
[BlackTitle "GM"]
[WhiteElo "2489"]
[BlackElo "2581"]
[WhiteFideId "12424722"]
[BlackFideId "13409301"]
[EventDate "2025.12.29"]

1. e4 c5 2. Nf3 d6 3. d4 cxd4 4. Nxd4 Nf6 5. Nc3 a6 6. Bg5 e6 7. Qf3 h6 8. Bd2
Qb6 9. Nb3 Qc7 10. O-O-O b5 11. a3 Bb7 12. g4 Nc6 13. Kb1 b4 14. axb4 Nxb4 15.
Rc1 Be7 16. Rg1 Nd7 17. g5 hxg5 18. Bxg5 Bf6 19. Bxf6 gxf6 20. Qf4 Ke7 21. Rd1
Ne5 22. Rg7 a5 23. Nd4 Rad8 24. h4 a4 25. Bh3 Bc8 26. Bxe6 Bxe6 27. Nxe6 Kxe6
28. Rd4 Nec6 29. Nd5 Nxd5 30. exd5+ Ke7 31. dxc6 Rh5 32. Re4+ Re5 33. Rxe5+ dxe5
34. Qc4 Kf8 35. Rg3 Rd6 36. Rc3 Rd4 37. Qc5+ Ke8 38. Rg3 Rd6 39. Rg8+ Ke7 40. h5
a3 41. h6 Ke6 42. Qc4+ Ke7 43. h7 axb2 44. Qb4 Ke6 45. h8=Q Kd5 1-0

[Event "World Blitz 2025"]
[Site "Doha QAT"]
[Date "2025.12.30"]
[Round "19.43"]
[White "Agmanov, Zhandos"]
[Black "Tabatabaei, M. Amin"]
[Result "0-1"]
[WhiteTitle "IM"]
[BlackTitle "GM"]
[WhiteElo "2471"]
[BlackElo "2700"]
[WhiteFideId "13708309"]
[BlackFideId "12521213"]
[EventDate "2025.12.29"]

1. e4 d6 2. d4 Nf6 3. Nc3 g6 4. Nf3 Bg7 5. Be2 O-O 6. O-O Nc6 7. d5 Ne5 8. Nxe5
dxe5 9. Bc4 Ne8 10. Qe2 Nd6 11. Bb3 f5 12. f4 fxe4 13. Nxe4 Nxe4 14. Qxe4 Qd6
15. Be3 Bf5 16. Qc4 b6 17. Rae1 a5 18. a4 h5 19. fxe5 Bxe5 20. Bf4 Bxf4 21. Qxf4
Rf7 22. Qe5 Raf8 23. c3 Bd3 24. Rxf7 Rxf7 25. Qd4 Bf5 26. Bd1 Qf6 27. Qxf6 exf6
28. d6 Rd7 29. Bb3+ Kf8 30. dxc7 Rxc7 31. Rd1 Ke7 32. Kf2 h4 33. Rd4 g5 34. Bd1
Bd7 35. Bf3 Rc5 36. h3 Re5 37. Rc4 Kd6 38. Rd4+ Kc7 39. Rc4+ Rc5 40. Rd4 Be6 41.
Ke3 Re5+ 42. Kd2 Bd7 43. b3 Be6 44. c4 Bf5 45. Bd5 Re7 46. Bf3 Rd7 47. Rd5 Rxd5+
48. Bxd5 Kd6 49. Kc3 Kc5 50. Bf3 Be6 51. Be2 f5 52. Bd3 g4 53. hxg4 fxg4 54. Be4
h3 55. gxh3 gxh3 56. Bf3 h2 0-1

[Event "World Blitz 2025"]
[Site "Doha QAT"]
[Date "2025.12.30"]
[Round "19.44"]
[White "Theodorou, Nikolas"]
[Black "Daneshvar, Bardiya"]
[Result "0-1"]
[WhiteTitle "GM"]
[BlackTitle "GM"]
[WhiteElo "2652"]
[BlackElo "2600"]
[WhiteFideId "4262875"]
[BlackFideId "12576468"]
[EventDate "2025.12.29"]

1. d4 Nf6 2. Nf3 e6 3. c4 b6 4. a3 Bb7 5. Nc3 d5 6. cxd5 Nxd5 7. Nxd5 Qxd5 8. g3
Be7 9. Bg2 Qd8 10. Qc2 Nd7 11. O-O Rc8 12. b4 c5 13. dxc5 bxc5 14. b5 Nf6 15.
Rd1 Qb6 16. a4 Be4 17. Qc4 Qb7 18. a5 O-O 19. a6 Qa8 20. Nh4 Bd5 21. Qc2 c4 22.
Bg5 h6 23. Bxd5 Nxd5 24. Bxe7 Nxe7 25. Nf3 Qb8 26. Rd7 Rc7 27. Ne5 Qxb5 28. Rxc7
Qxe5 29. Rxe7 Qxa1+ 30. Kg2 Qxa6 31. Qe4 c3 32. Rc7 Rc8 33. Qd3 Rxc7 34. Qxa6 c2 0-1

[Event "World Blitz 2025"]
[Site "Doha QAT"]
[Date "2025.12.30"]
[Round "19.45"]
[White "Yakubboev, Nodirbek"]
[Black "Mamedov, Edgar"]
[Result "1-0"]
[WhiteTitle "GM"]
[BlackTitle "GM"]
[WhiteElo "2691"]
[BlackElo "2492"]
[WhiteFideId "14203987"]
[BlackFideId "13739980"]
[EventDate "2025.12.29"]

1. Nf3 d5 2. g3 Nf6 3. Bg2 e6 4. O-O Be7 5. d3 O-O 6. c4 b6 7. cxd5 Nxd5 8. d4
Bb7 9. Re1 c5 10. e4 Nf6 11. Nc3 Na6 12. Bf4 cxd4 13. Nxd4 Rc8 14. Ndb5 Nb4 15.
Nxa7 Ra8 16. Nab5 Nd3 17. Bc7 Qd7 18. Re2 Bc5 19. Rd2 Nxf2 20. Rxf2 Qxd1+ 21.
Rxd1 Ng4 22. Rd2 Nxf2 23. Rxf2 Bc6 24. a3 Rac8 25. Kf1 Bxf2 26. Kxf2 f5 27. Ke3
Rf7 28. Bd6 Bxb5 29. Nxb5 Rc2 30. Bf1 Rxb2 31. Bc4 Kh8 32. e5 g5 33. Bxe6 f4+
34. gxf4 Rxf4 35. Nd4 Rxh2 36. Nf3 Rxf3+ 37. Kxf3 h5 38. Bd7 g4+ 39. Ke3 Kg7 40.
e6 Rh1 41. e7 Re1+ 42. Kf2 Rxe7 43. Bxe7 Kf7 44. Bh4 1-0

[Event "World Blitz 2025"]
[Site "Doha QAT"]
[Date "2025.12.30"]
[Round "19.46"]
[White "Giri, Anish"]
[Black "Klukin, Kirill"]
[Result "1-0"]
[WhiteTitle "GM"]
[BlackTitle "IM"]
[WhiteElo "2760"]
[BlackElo "2414"]
[WhiteFideId "24116068"]
[BlackFideId "24199273"]
[EventDate "2025.12.29"]

1. c4 e6 2. g3 d5 3. Bg2 c6 4. Nf3 f5 5. O-O Nf6 6. b3 Bd6 7. Bb2 O-O 8. d4 Qe7
9. Nbd2 b6 10. Ne5 Bb7 11. Rc1 Nbd7 12. Nd3 Rac8 13. e3 Ne4 14. Nf3 Rfd8 15. Qe2
c5 16. Rfd1 h6 17. a4 a5 18. Nfe5 Bxe5 19. dxe5 Nb8 20. Nf4 g5 21. Nh5 g4 22. h3
gxh3 23. Bxe4 dxe4 24. Rd6 Rxd6 25. exd6 Qg5 26. Nf6+ Kf7 27. Rd1 Rd8 28. Kh2
Nd7 29. Nxd7 Rxd7 30. Ba1 Kg6 31. Qb2 Kh5 32. Qe5 Qg6 33. Rg1 Qg4 34. Qxe6 f4
35. Qe8+ 1-0

[Event "World Blitz 2025"]
[Site "Doha QAT"]
[Date "2025.12.30"]
[Round "19.47"]
[White "Svane, Rasmus"]
[Black "Kozak, Adam"]
[Result "1-0"]
[WhiteTitle "GM"]
[BlackTitle "GM"]
[WhiteElo "2608"]
[BlackElo "2546"]
[WhiteFideId "4657101"]
[BlackFideId "753246"]
[EventDate "2025.12.29"]

1. Nf3 d5 2. g3 Nf6 3. Bg2 e6 4. O-O c5 5. c4 d4 6. e3 Nc6 7. d3 Bd6 8. exd4
cxd4 9. Bg5 h6 10. Bxf6 gxf6 11. a3 a5 12. Nbd2 Kf8 13. Qc2 Bc5 14. Ne4 Be7 15.
c5 f5 16. Nd6 Bxd6 17. cxd6 Qxd6 18. Nd2 Ra6 19. Nc4 Qd8 20. Rfe1 Kg7 21. Ne5
Qd6 22. Nc4 Qd8 23. Ne5 Qd6 24. Nc4 Qc5 25. Rac1 Bd7 26. Qb3 Rb8 27. Ne5 Qd6 28.
Nxd7 Qxd7 29. Qb5 Qd8 30. Rc2 Qb6 31. Qa4 Qd8 32. Rc5 Qd6 33. Rb5 b6 34. Qc4 Ne7
35. Rxf5 Nxf5 36. Qxa6 Qc5 37. Qc4 Qxc4 38. dxc4 Rc8 39. Bf1 a4 40. Re4 Rd8 41.
Bd3 Kf6 42. g4 Ne7 43. Kf1 Nc6 44. f4 Ke7 45. Ke2 f6 46. Kd2 e5 47. Bc2 Ra8 48.
Re1 Kd6 49. Be4 Re8 50. Bc2 Ra8 51. Be4 Re8 52. Rf1 Na5 53. fxe5+ fxe5 54. Kd3
Nb3 55. Bd5 Nc5+ 56. Ke2 e4 57. Rf6+ Ke5 58. Rf5+ Kd6 59. Rf6+ Kc7 60. Rc6+ Kd7
61. Rxb6 Rf8 62. Rc6 d3+ 63. Ke1 e3 64. Rxc5 d2+ 65. Ke2 Rf1 66. Bc6+ Ke7 67.
Rd5 Re1+ 68. Kf3 Kf6 69. Bxa4 Ke6 70. Bb3 Ke7 71. a4 Kf6 72. h4 Ke7 73. a5 1-0

[Event "World Blitz 2025"]
[Site "Doha QAT"]
[Date "2025.12.30"]
[Round "19.48"]
[White "Salinas Herrera, Pablo"]
[Black "Harikrishna, Pentala"]
[Result "0-1"]
[WhiteTitle "GM"]
[BlackTitle "GM"]
[WhiteElo "2473"]
[BlackElo "2693"]
[WhiteFideId "3407128"]
[BlackFideId "5007003"]
[EventDate "2025.12.29"]

1. e4 e5 2. Nf3 Nc6 3. Nc3 Nf6 4. Bb5 Bd6 5. O-O O-O 6. Bxc6 dxc6 7. d3 Nd7 8.
Be3 a5 9. a4 Re8 10. Ne2 Nf8 11. Kh1 c5 12. b3 Ne6 13. Nd2 Nd4 14. Nc4 Be6 15.
Qd2 b6 16. Rae1 Qd7 17. Nc3 Rf8 18. Nxd6 cxd6 19. f4 f6 20. f5 Bf7 21. g4 d5 22.
Qg2 dxe4 23. Nxe4 Bd5 24. Rf2 Bc6 25. Rg1 Nxc2 26. Rxc2 Qxd3 27. Rc4 Qxe3 28. g5
Qxg5 29. Qh3 Qf4 30. Rg4 Qf2 31. Qh5 Rad8 32. Rg2 Qe1+ 0-1

[Event "World Blitz 2025"]
[Site "Doha QAT"]
[Date "2025.12.30"]
[Round "19.49"]
[White "Bharath, Subramaniyam H"]
[Black "Pichot, Alan"]
[Result "1-0"]
[WhiteTitle "GM"]
[BlackTitle "GM"]
[WhiteElo "2576"]
[BlackElo "2597"]
[WhiteFideId "46634827"]
[BlackFideId "110973"]
[EventDate "2025.12.29"]

1. b3 Nf6 2. Bb2 d5 3. Nf3 c6 4. c4 Bg4 5. e3 e6 6. Be2 Nbd7 7. O-O Bd6 8. h3
Bh5 9. d4 a5 10. Nc3 O-O 11. Nd2 Bg6 12. Bf3 Qe7 13. a3 Rfd8 14. Qe2 h6 15. Rfe1
Nh7 16. e4 dxe4 17. Ndxe4 Ng5 18. Nxg5 Qxg5 19. Rad1 Nf6 20. Bc1 Qh4 21. Qf1 Nh7
22. g3 Qe7 23. d5 cxd5 24. Nxd5 Qf8 25. Nb6 Rab8 26. c5 Bxc5 27. Nd7 Qe7 28.
Nxb8 Rxb8 29. Qb5 b6 30. Bf4 Rf8 31. Bg2 Ng5 32. h4 Nh7 33. Qc6 Bxa3 34. Qxb6
Bb4 35. Bd6 Bxd6 36. Rxd6 Nf6 37. Rd2 Qa3 38. Red1 Bf5 39. Bf3 h5 40. Kg2 Bg4
41. Bxg4 hxg4 42. Rd4 Qb2 43. R1d2 Qb1 44. Rd1 Qb2 45. R4d2 Qc3 46. Qb5 Nd5 47.
Qd3 Qc6 48. Kg1 Rb8 49. Qc4 Qb7 50. Qxg4 Qxb3 51. h5 Rb4 52. Qg5 Qc3 53. h6 Qf6
54. Qxg7+ Qxg7 55. hxg7 Kxg7 56. Ra1 a4 57. Rd3 Kf6 58. Rda3 Nb6 59. Kg2 Ke5 60.
Rf3 f5 61. Re1+ Kd6 62. Rfe3 Nc4 63. Rxe6+ Kd5 64. Rf6 a3 65. Rxf5+ Kd4 66. Ra1
Kc3 67. Rd5 Kb2 68. Re1 a2 69. Re2+ Kb3 70. Rd3+ 1-0